Les 50 livres les plus vendus au monde - Statistiques

Statistiques générales
  • Ce quiz a été pris 299 fois
  • Le résultat moyen est 12 sur 50
Statistiques - réponses
Auteur
Année de
parution
Titre en français % Correct
Multiples VIIIe avt J.C / IIe siècle La Bible
85%
Antoine de Saint-Exupéry 1943 Le Petit Prince
84%
J.R.R. Tolkien 1973 Le seigneur des anneaux
79%
Multiples IXe siècle Le Coran
72%
J.K. Rowling 1997 Harry Potter à l'école des sorciers
68%
Miguel de Cervantès 1615 Don Quichotte
61%
J.K. Rowling 2000 Harry Potter et la Coupe de feu
61%
J.K. Rowling 1998 Harry Potter et la Chambre des secrets
60%
J.K. Rowling 2005 Harry Potter et le Prince de Sang-mêlé
57%
J.K. Rowling 1999 Harry Potter et le Prisonnier d'Azkaban
57%
J.K. Rowling 2007 Harry Potter et les Reliques de la Mort
57%
Lewis Carroll 1865 Alice au pays des merveilles
54%
J.K. Rowling 2003 Harry Potter et l'Ordre du Phénix
50%
Map Zedong 1964 Le petit livre rouge
44%
Dan Brown 2003 Da Vinci Code
39%
Agatha Christie 1939 Ils étaient dix
37%
Homère 8e siècle avant J.C. Odyssée
31%
Umberto Eco 1980 Le Nom de la rose
30%
Paulo Coelho 1988 L'Alchimiste
27%
Vladimir Nabokov 1955 Lolita
27%
Jules Verne 1869 Vingt mille lieues sous les mers
19%
Gabriel Garcia Marquez 1967 Cent ans de solitude
16%
J.D. Salinger 1951 L'Attrape-coeurs
11%
Arthur Conan Doyle 1887 Les aventures de Sherlock Holmes
8%
Johanna Spyri 1880 Heidi
5%
Beatrix Potter 1902 Pierre Lapin
5%
Carlo Collodi 1883 Les aventures de Pinocchio
4%
Lucy Maud Montgomery 1908 Anne, la maison aux pignons verts
3%
Jostein Gaarder 1991 Le monde de Sophie
3%
Lew Wallace 1880 Ben-Hur
2%
J.R.R. Tolkien 1937 Bilbot le Hobbit
2%
Virginia C. Andrews 1979 Fleurs captives
2%
Shere Hite 1976 Le rapport Hite
2%
Charles Dickens 1859 Un conte de deux villes
2%
Anna Sewell / William Geldart 1877 Black Beauty
1%
Henry Rider Haggard 1887 Elle
1%
Richard Bach 1970 Jonathan Livingston le goéland
1%
Eric Carle 1969 La chenille qui fait des trous
1%
Jack Higgins 1975 L'Aigle s'est envolé
1%
Johnston Mc Culley 1924 La marque de Zorro
1%
Mokhaïl Boulgakov 1940 Le Maître et la Marguerite
1%
Elwyn Brooks White 1952 Le petit monde de Charlotte
1%
Cao Xueqin 1791 Le rêve dans le pavillon rouge
1%
Richard Adams 1972 Les Garennes de Watership Down
1%
J.P. Donleavy 1955 L'homme de gingembre
1%
Napoleon Hill / Thérèse Gindraux 1937 Réfléchissez et devenez riche
1%
Robert James Waller 1992 Sur la route de Madison
1%
Benjamin Spock 1946 Comment soigner et éduquer son enfant
0%
C.S. Lewis 1950 Le monde de Narnia 2
0%
Elbert Hubbard 1899 Message à Garcia
0%
Aucun quiz correspondant
Distribution des résultats
% des personnes avec chaque résultat
Percentile par nombre de réponses
Votre historique - résultats
Vous n’avez pas pris ce quiz